D. Manuel Josef de Ayala y la historia de nuestra legislación de Indias (Record no. 116676)

MARC details
000 -LEADER
campo de control de longitud fija 00555nam a2200157 4500
001 - NÚMERO DE CONTROL
campo de control 116676
003 - IDENTIFICADOR DE NÚMERO DE CONTROL
campo de control ES-MaACL
005 - FECHA Y HORA DE LA ÚLTIMA TRANSACCIÓN
campo de control 20230906190740.0
007 - CAMPO FIJO DE DESCRIPCIÓN FÍSICA--INFORMACIÓN GENERAL
campo de control de longitud fija t|
008 - DATOS DE LONGITUD FIJA--INFORMACIÓN GENERAL
campo de control de longitud fija 061121s1999 sp r ||||1| spa d
100 1# - ENTRADA PRINCIPAL--NOMBRE DE PERSONA
Nombre de persona Ots Capdequí, José María.
9 (RLIN) 87937
245 10 - MENCIÓN DEL TÍTULO
Título D. Manuel Josef de Ayala y la historia de nuestra legislación de Indias
Resto del título : valor de la recopilación de 1680.
260 ## - PUBLICACIÓN, DISTRIBUCIÓN, ETC.
Lugar de publicación, distribución, etc. [s.l.] :
Nombre del editor, distribuidor, etc. [s.n.],
Fecha de publicación, distribución, etc. [1920?]
500 ## - NOTA GENERAL
Nota general Reprinted from the Hispanic American Historical Review, vol. III, nº 3, august 1920.
852 ## - LOCALIZACIÓN
Ubicación ES-MaACL
Número de control de estantería 1597-F-2
Holdings
Estatus retirado Estado de pérdida Estado de daño No para préstamo Colección Biblioteca de origen Biblioteca actual Ubicación en estantería Fecha de adquisición Fuente de adquisición Total de préstamos Signatura topográfica completa Código de barras Visto por última vez Precio de reemplazo Tipo de ítem Koha
        Colección de folletos Biblioteca del Ateneo de Madrid Biblioteca del Ateneo de Madrid Depósito folletos 17/01/2008     1597-F-2 1121661 23/02/2023 23/02/2023 Folleto